00368nam a2200145Ia 4500008004100000020001500041041001200056082001100068100001700079245006200096250000800158260003300166300000800199650001500207221030s9999 xx 000 0 und d a8174464484 aEnglish a105.23 aV. S. P. Rao 0aHuman Resource Management - Text & Casescby V. S. P. Rao a2nd bExcel BooksaNew Delhic2009 a709 aManagement